000 00295 a2200145 4500
001 168040
020 _a
040 _cMagnum
100 _aNery, Salvador Barletta
240 1 0 _aBalancando sonhos
_lpor
245 1 0 _aBalancando sonhos
362 0 _a1899
697 _aIJ/GERAL
942 _cBK
999 _c168040
_d168040